00894 2200289 4500001002100000005001500021035002000036007000300056040001700059110002700076245010300103300003400206041000800240082000600248084001200254090001700266264008400283336002100367337003000388338002300418650002800441700005400469850001000523008004100533100001400574990001600588INLIS00000000000652120260412115813 a0010-0422000126ta aSBPUPADbind1 aTim Penulis PSK ,Unand1 aProfile Penduduk Kotamadya Padang /cTim Penulis PSK ,Unand;Pengarang Ke-2,Pemda Tingkat II Padang aix,120Hal. :billus. ;c21 cm0 aind aR aR TIM p aR TIM p L1-2 a.--Padang :bKotamadya Padang dan Pusat Studi Kependudukan Unand ,Padang,c1992 2rdacontentaTeks 2rdamediaaTanpa Perantara 2rdacarrieravolume 4aProfile Penduduk Padang0 aPengarang Ke-2,Pemda Tingkat II PadangePengarang aPUPAD260412 0  ePengarang a00000016640